Hospodárska politika ignorovania ekonomického Mainstreamu
Enregistré dans:
| Auteur principal: | |
|---|---|
| Format: | Chapitre de livre |
| Langue: | slovaque |
| Tags: |
Pas de tags, Soyez le premier à ajouter un tag!
|
MARC
| LEADER | 00000naa$a2200000$$$4500 | ||
|---|---|---|---|
| 001 | 0226974 | ||
| 005 | 20240214095052.1 | ||
| 041 | 0 | |a slo | |
| 044 | |a SK | ||
| 245 | 1 | 0 | |a Hospodárska politika ignorovania ekonomického Mainstreamu |c Daniel Dujava |
| 100 | 1 | |a Dujava, Daniel | |